Loading...
History - World History | 0 | 9 | 0 | 1 | 90 | 101 | 131.33 | 0 | 0 |
History - American History | 0 | 9 | 0 | 1 | 90 | 45 | 107.44 | 1 | 1 |
History - Other History | 0 | 6 | 1 | 1 | 55 | 69 | 118.17 | 0 | 0 |
History - European History | 0 | 5 | 0 | 0 | 50 | 79 | 110.00 | 0 | 0 |
Social Science | 0 | 3 | 0 | 0 | 30 | 95 | 109.00 | 0 | 0 |
Literature - European Literature | 0 | 3 | 0 | 0 | 30 | 93 | 127.67 | 0 | 1 |
Literature - American Literature | 0 | 2 | 0 | 0 | 20 | 130 | 142.00 | 0 | 0 |
Geography | 0 | 2 | 1 | 1 | 15 | 90 | 117.50 | 0 | 0 |
Fine Arts - Other Fine Arts | 0 | 1 | 0 | 0 | 10 | 94 | 94.00 | 0 | 0 |
Science - Other Science | 0 | 1 | 0 | 0 | 10 | 115 | 115.00 | 0 | 0 |
Current Events | 0 | 1 | 0 | 0 | 10 | 70 | 70.00 | 0 | 1 |
Philosophy | 0 | 1 | 0 | 0 | 10 | 110 | 110.00 | 0 | 0 |
Religion | 0 | 1 | 0 | 1 | 10 | 138 | 138.00 | 0 | 0 |
Literature - British Literature | 0 | 1 | 1 | 0 | 5 | 117 | 117.00 | 0 | 0 |
Literature - World Literature | 0 | 1 | 1 | 0 | 5 | 155 | 155.00 | 0 | 0 |